| 000 | 00608nam a22002177a 4500 | ||
|---|---|---|---|
| 003 | OSt | ||
| 005 | 20220107122731.0 | ||
| 008 | 140225b xxu||||| |||| 00| 0 eng d | ||
| 020 | _a9789350238400 | ||
| 040 | _cIIITM-K | ||
| 082 | _a070.5 McG/B | ||
| 100 |
_aMcGuire, Hugh _93252 |
||
| 245 |
_aBook: _bA futurist's manifesto _cby Hugh Mcguire; Brian O'Leary |
||
| 260 |
_aMumbai, _bO'Reilly, _c2012. |
||
| 300 | _avii, 307p. | ||
| 650 |
_aINFORMATION DIGITIZATION _93253 |
||
| 650 |
_aINFORMATION MARKETING _93254 |
||
| 650 |
_aDIGITAL WORKFLOW _93255 |
||
| 700 |
_aO'Leary, Brian _93256 |
||
| 942 |
_2ddc _cBK |
||
| 999 |
_c3611 _d3611 |
||